000 00901nam a22002415i 4500
001 13935
003 ES-MaACL
005 20240223125332.0
007 t|
008 941011s1990 sp ||||0| spa j
020 _a84-86884-73-X
080 _a33(460)"17"(044)
100 1 _aCabarrús, Francisco
_cConde de.
_933162
245 1 0 _aCartas (1795)
_b: cartas sobre los obstáculos que la naturaleza, la opinión y las leyes oponen a la felicidad pública /
_cConde de Cabarrús ; edición al cuidado de José Esteban.
260 _aMadrid :
_bFundación Banco Exterior,
_c[1990]
300 _a157 p. ;
_c23 cm.
490 1 _aBiblioteca regeneracionista
651 4 _aEspaña-
_xAdministración-
_yS.XVIII.
_9144197
700 1 _aEsteban, José,
_d1935-
_948033
830 0 _aBiblioteca regeneracionista
_9177460
852 _aES-MaACL
_jL-21302
_bR.117913
999 _c13935
_d13935